000 01023nam a2200265Ia 4500
003 OSt
005 20221005103750.0
006 a|||||r|||| 00| 0
007 ta
008 221004b |||||||| |||| 00| 0 hin d
020 _c250
024 _a20058
037 _b24019, 27/03/2015, Kitab Ghar
_cTextual
040 _aCRL
_cCRL
_bhin
041 _2hin
_ahin
082 _aO152,1N2:g(S), P0;P9
100 _aश्यामनंदन किशोर
245 0 _aछायावादी काव्य का मनोवैज्ञानिक विश्लेषण
246 _aChhāyāvādī kāvya kā manovaijnyānik vishleṣhaṇa
260 _aदिल्ली
_bआर्य प्रकाशन मंडल भारत
_c2009
300 _a184पृ0
_ccm.
650 _aहिन्दी साहित्य
942 _hO152,1N2:g(S), P0;P9
_cTEXL
_2cc
999 _c1010842
_d1010842